[Event "Hosur op 3rd"]
[Site "Hosur"]
[Date "2023.02.02"]
[Round "4"]
[White "Sree, Veeramani P"]
[Black "Raju, JK2222"]
[Result "0-1"]
[WhiteElo "1673"]
[BlackElo "1942"]
[PlyCount "70"]
[EventDate "2023.02.01"]
[EventType "swiss"]
[EventRounds "9"]
[EventCountry "IND"]
[SourceTitle "CBM 212 Extra"]
[Source "ChessBase"]
[SourceDate "2023.03.31"]
[SourceVersion "1"]
[SourceVersionDate "2023.03.31"]
[SourceQuality "1"]

1. e4 c5 2. Nf3 e6 3. d4 cxd4 4. Nxd4 a6 5. Nc3 Qc7 6. Be2 Nf6 7. 0-0 Nc6 8. Be3 Bb4 9. Nxc6 dxc6 10. Na4 b5 11. Nb6 Rb8 12. Nxc8 Rxc8 13. a4 0-0 14. axb5 axb5 15. Ra7 Qe5 16. Bd4 Qb8 17. Bd3 e5 18. Be3 Qd6 19. Qf3 Bc5 20. Bxc5 Qxc5 21. Rfa1 h6 22. Qf5 Qd4 23. g4 Rcd8 24. h4 Rd6 25. g5 g6 26. Qf3 hxg5 27. hxg5 Nh5 28. Bf1 Qxb2 29. Bh3 Qxc2 30. Bg4 Nf4 31. Qh1 Qd2 32. Qh4 Qd4 33. Bf3 Rd7 34. Rxd7 Qxa1+ 35. Kh2 Qc3 0-1

[Event "Udaipur Lakecity rapid op 1st"]
[Site "Udaipur"]
[Date "2019.09.14"]
[Round "3"]
[White "Sree, Veeramani P"]
[Black "Lugovskoy, Maxim"]
[Result "0-1"]
[WhiteElo "1736"]
[BlackElo "2422"]
[PlyCount "62"]
[EventDate "2019.09.14"]
[EventType "swiss (rapid)"]
[EventRounds "9"]
[EventCountry "IND"]
[SourceTitle "EXT 2020"]
[Source "ChessBase"]
[SourceDate "2019.10.17"]
[SourceVersion "1"]
[SourceVersionDate "2019.10.17"]
[SourceQuality "1"]

1. e4 e6 2. d4 d5 3. Nc3 Bb4 4. e5 c5 5. a3 Bxc3+ 6. bxc3 Ne7 7. Qg4 Qc7 8. Qxg7 Rg8 9. Qxh7 cxd4 10. Ne2 Nbc6 11. cxd4 Nxd4 12. Rb1 Ndf5 13. c3 Bd7 14. f4 0-0-0 15. Bd2 Rh8 16. Qxf7 Rdf8 17. Qxf8+ Rxf8 18. g4 Nh4 19. Nd4 a6 20. c4 Nc6 21. cxd5 Nxd4 22. Rc1 Nc2+ 23. Kd1 Ba4 24. Bd3 Kb8 25. Bxc2 Qc4 26. dxe6 Bxc2+ 27. Rxc2 Qxe6 28. h3 Nf3 29. Be3 Qb3 30. Bc5 Qb1+ 31. Ke2 Qxc2+ 0-1